Movie by Scenery III Quiz Stats

 Plays Quiz Updated Aug 4, 2016

Challenge
Share
Tweet
Score 0/25 Timer 08:00
0 Plays Today
% Correct
The Wizard of Oz
83.6%
Blood Diamond
65.2%
The Mummy
63.2%
The Shawshank Redemption
62.5%
Alice in Wonderland
61%
O Brother, Where Art Thou?
60.4%
Holes
60.2%
Stand by Me
59.4%
Skyfall
55.4%
The Bridge on the River Kwai
50.1%
Inception
48.5%
Thelma & Louise
43.7%
12 Years a Slave
40.7%
% Correct
Inglourious Basterds
38.8%
The Lord of the Rings: The Return of the King
36.8%
The Hunger Games: Catching Fire
33%
Moonrise Kingdom
29.7%
The Day After Tomorrow
27.5%
X-Men: First Class
26.5%
The Truman Show
24%
Eternal Sunshine of the Spotless Mind
22.6%
Cold Mountain
20.8%
Monty Python and the Holy Grail
20.2%
The Prestige
19.3%
Pride and Prejudice
9.5%

You're not logged in!

Compare scores with friends on all Sporcle quizzes.
Join for Free
OR
Log In

You Might Also Like...

Show Comments

Extras

Top Quizzes Today


Score Distribution

Your Account Isn't Verified!

In order to create a playlist on Sporcle, you need to verify the email address you used during registration. Go to your Sporcle Settings to finish the process.

Report this User

Report this user for behavior that violates our Community Guidelines.

Details: